Statistics for Harry Potter and the Sorcerer's Stone Chapter Titles

Click here to take the quiz!

General Stats

  • This quiz has been taken 538 times
  • The average score is 11 of 17

Answer Stats

Chapter #ClueAnswer% Correct
1Somehow a baby boy survives an evil curseThe Boy Who Lived
96%
5Harry visits a magical section of LondonDiagon Alley
81%
7An intelligent headpiece thinks Harry should be in SlytherinThe Sorting Hat
81%
12The one where Harry sees his parents...sort ofThe Mirror of Erised
77%
11Harry swallows a snitchQuidditch
74%
10"Troll! In the dungeon!"Halloween
67%
13A chocolate frog card helps solve a mysteryNicolas Flamel
65%
15Students are not allowed to enter..unless it's to be punishedThe Forbidden Forest
65%
8Snape!The Potions Master
60%
17Professor Quirrell has a secretThe Man With Two Faces
57%
9Malfoy tricks Harry...or so he thinksThe Midnight Duel
52%
2Harry Potter visits the zooThe Vanishing Glass
52%
4Harry meets a kind giantThe Keeper of the Keys
50%
3Vernon Dursley is crazyThe Letters From No One
48%
16The trio get past a three headed dogThrough the Trapdoor
48%
14We learn of Hagrid's weakness for dangerous animalsNorbert the Norwegian Ridgeback
42%
6So...how do I get on the train?The Journey From Platform Nine and Three-Quarters
37%

Score Distribution

Percentile by Number Answered

Percent of People with Each Score

Your Score History

You have not taken this quiz